00945nam a2200277Ia 4500003000400000005001700004008004100021020001400062040001800076041000800094082002100102100002700123245005500150250001100205260002400216300003000240650004300270650004300313650006000356700003300416700002400449700002700473942003000500999001900530952011800549OSt20251217103911.0210716s1997 xx 000 0 und d a789709228 cAIMIT LIBRARY aeng a006.37 21bMCKM aMcKelvy, Mike.9249358 aUsing visual basic 5 /cBy Mike McKelvy...[et.al]. a1st ed aUSA :bQue ,c1997. axxxi,945p. ;bPBc23.3 cm aCreating database applications9249359 aCreating database applications9249359 aIntegrating visual basic with other application9249360 aMartinsen, Ronald R.9249361 aWebb, Jeff.9249362 aReselman, Bob.9249363 2ddccBKe1stk006.37 MCKM c181761d181761 001040708MCAaAIMITbAIMITd2021-07-16eDonatedl0o006.37 MCKMpMCA01269r2025-07-21 00:00:00w2021-07-16yBK